000 00548nam a2200181Ia 4500
003 OSt
005 20260119144005.0
008 210210b1912 xxu||||| |||| 00| 0 eng d
040 _cAL
041 _aKannada
082 _a859/302
100 _aKUPPUSVAMI SHETTI
_9148907
_dಕುಪ್ಪುಸ್ವಾಮಿ ಶೆಟ್ಟಿ
245 _aPratapa kantirava charitre:
_bಪ್ರತಾಪ ಕಂಠೀರವ ಚರಿತ್ರೆ
260 _aBengaluru
_b-
_c1912
690 _aKannada Fiction
_9148908
906 _a021173
942 _2ddc
_cBK
999 _c145236
_d145236